000 00548nam a2200181 a 4500
001 000040689
005 20201002034315.0
008 130905s2004 sp 000 0 spa d
020 _a9788466313445
040 _aDO-SdBNP
_bspa
_cBNPHU
082 _axxxxx
_bxxxxx
100 1 _aPorta, Esther
_967059
245 1 0 _a¿Hay sexo después del matrimonio? :
_ben busca del orgasmo perdido /
_cEsther Porta.
260 _aMadrid, :
_bSuma de letras,
_c2004.
300 _a239 p. ;
_c18 cm.
490 1 _aPunto de lectura
830 0 _aPunto de lectura
_93047
999 _c40179
_d40179